Manners and customs of Bible lands / (Record no. 1114)
[ view plain ]
| 000 -LEADER | |
|---|---|
| fixed length control field | 00779cam a2200265 a 4500 |
| 001 - CONTROL NUMBER | |
| control field | 7274 |
| 003 - CONTROL NUMBER IDENTIFIER | |
| control field | GBCCL |
| 005 - DATE AND TIME OF LATEST TRANSACTION | |
| control field | 20241126110354.0 |
| 008 - FIXED-LENGTH DATA ELEMENTS--GENERAL INFORMATION | |
| fixed length control field | 770421s1953 ilua b 001 0 eng d |
| 020 ## - INTERNATIONAL STANDARD BOOK NUMBER | |
| International Standard Book Number | 0802404163 |
| 035 ## - SYSTEM CONTROL NUMBER | |
| System control number | OCM02906901 |
| 040 ## - CATALOGING SOURCE | |
| Original cataloging agency | DMM |
| Transcribing agency | DMM |
| Modifying agency | m.c. |
| -- | LBB |
| 049 ## - | |
| -- | LBBK |
| 082 ## - DEWEY DECIMAL CLASSIFICATION NUMBER | |
| Classification number | 220.95 |
| Item number | WIG |
| 092 ## - LOCALLY ASSIGNED DEWEY CALL NUMBER (OCLC) | |
| Classification number | 220.93 |
| Item number | W657M |
| 100 1# - MAIN ENTRY--PERSONAL NAME | |
| Personal name | Wight, Fred Hartley, |
| Dates associated with a name | 1899- |
| 9 (RLIN) | 1997 |
| 245 10 - TITLE STATEMENT | |
| Title | Manners and customs of Bible lands / |
| Statement of responsibility, etc. | by Fred H. Wight. |
| 250 ## - EDITION STATEMENT | |
| Edition statement | Moody paperback ed. |
| 260 ## - PUBLICATION, DISTRIBUTION, ETC. | |
| Place of publication, distribution, etc. | Chicago : |
| Name of publisher, distributor, etc. | Moody Press, |
| Date of publication, distribution, etc. | c1953, 1983 |
| 300 ## - PHYSICAL DESCRIPTION | |
| Extent | 336 p. : |
| Other physical details | ill. ; |
| Dimensions | 22 cm. |
| 504 ## - BIBLIOGRAPHY, ETC. NOTE | |
| Bibliography, etc. note | Includes bibliographical references (p. 317-320) and indexes. |
| 520 ## - SUMMARY, ETC. | |
| Summary, etc. | Lloyd M. Perry Collection. |
| 630 00 - SUBJECT ADDED ENTRY--UNIFORM TITLE | |
| Uniform title | Bible |
| General subdivision | Antiquities. |
| 9 (RLIN) | 1889 |
| 942 ## - ADDED ENTRY ELEMENTS (KOHA) | |
| Source of classification or shelving scheme | Dewey Decimal Classification |
| Koha item type | Books |
| Withdrawn status | Lost status | Source of classification or shelving scheme | Damaged status | Not for loan | Home library | Current Library | Shelving location | Date acquired | Total checkouts | Full call number | Barcode | Date last seen | Copy number | Price effective from | Koha item type |
|---|---|---|---|---|---|---|---|---|---|---|---|---|---|---|---|
| Dewey Decimal Classification | GRACE BIBLE COLLEGE | GRACE BIBLE COLLEGE | Biblical Studies | 2017-04-17 | 220.95 WIG | 001468 | 2025-05-01 | c.1 | 2017-04-17 | Books |